000 00593nam a22001937a 4500
003 DO-CoUTE
005 20260415132724.0
008 260415b dr ||||| |||| 00| 0 spa d
040 _aDO-CoUTE
_bspa
_cDO-CoUTE
082 _a821.13421D353P
100 1 _aDelgado, Fernando
_eAutor
245 1 0 _aPresencias de ceniza :
_bselección poética /
_cFernando delgado
260 _amiami
_bEdición universal
_c2001
300 _a70 Paginas :
_c23cm,
504 _aIncluye referencia bibliográfica e índice.
650 4 _aPoema
700 1 _aFernando Delgado
_eAutor
942 _2ddc
_cBK
999 _c24111
_d24111